|
|
|
|
| LEADER |
00000ny a22000003n 4500 |
| 005 |
20110607130619.0 |
| 008 |
010524s2000 sp s 000 0 spa c |
| 017 |
|
|
|a M48095-2000
|
| 020 |
|
|
|a 8471309920
|
| 035 |
|
|
|a 1598
|
| 040 |
|
|
|a UMA.DER
|d vLex
|
| 040 |
|
|
|a UMA.RE
|d vLex
|
| 080 |
|
|
|a 347.724(460)
|
| 090 |
|
|
|c 535
|d 535
|
| 100 |
1 |
|
|a Bataller Grau, Juan
|
| 245 |
1 |
3 |
|a La reactivacin̤ de la sociedad de responsabilidad limitada
|h [Recurso electrn̤ico]
|c Juan Bataller Grau
|
| 256 |
|
|
|a Servicio en ln̕ea
|
| 260 |
|
|
|a Madrid :
|b EDERSA,
|c D.L. 2000
|
| 300 |
|
|
|a 255 p. ;
|c 20 cm
|
| 490 |
1 |
|
|a Cuadernos mercantiles ;
|v 9
|
| 504 |
|
|
|a Bibliografa̕: p. 241-255
|
| 506 |
1 |
|
|a Contenido solo disponible en los productos indicados
|d vLex Global
|d vLex Global (Academic Edition, excluding Law Schools)
|d vLex Global (U.S. Academic Edition, Law Schools)
|d vLex Global (U.S. Academic Edition, excluding Law Schools)
|d vLex Global (Academic Edition, Law Schools)
|
| 650 |
0 |
7 |
|a Sociedad limitada
|2 Tesauro vLex
|
| 650 |
0 |
7 |
|a Societario
|2 Tesauro vLex
|
| 650 |
0 |
7 |
|a Sociedades de responsabilidad limitada
|2 Tesauro vLex
|
| 650 |
0 |
7 |
|a Derecho de sociedades
|2 Tesauro vLex
|
| 650 |
0 |
7 |
|a Sociedades mercantiles
|2 Tesauro vLex
|
| 740 |
0 |
|
|a vLex Libros (Servicios en ln̕ea)
|
| 830 |
|
0 |
|a Cuadernos mercantiles (Editoriales de Derecho Reunidas)
|
| 856 |
4 |
0 |
|u http://vlex.com/source/1598
|z Acceso restringido
|
| 942 |
|
|
|c BOOK
|
| 999 |
0 |
|
|a Corporations
|b Madrid
|